| 000 | 00628nam a2200217 a 4500 | ||
|---|---|---|---|
| 005 | 20231115063556.0 | ||
| 008 | 991125s1986 es 000 0 spa u | ||
| 020 | _a8430611908 | ||
| 035 | _aUPN01000050735 | ||
| 040 |
_aUPN _bspa _cUPN |
||
| 049 | _aCG | ||
| 050 | 4 |
_aD16.9 _bH3.78 |
|
| 100 | 1 |
_aHabermas, Jürgen, _d1929- _928383 |
|
| 245 | 1 | 3 |
_aLa reconstrucción del materialismo histórico / _cJürgen Habermas ; tr. Jaime Nicolás Muñiz. |
| 260 |
_aMadrid : _bTaurus, _c1986. |
||
| 300 | _a313 p. | ||
| 440 | 0 |
_aEnsayistas ; _v190 |
|
| 650 | 4 |
_aMaterialismo dialéctico _94555 |
|
| 905 | _aLibro | ||
| 942 |
_2lcc _cLIBRO |
||
| 999 |
_c50735 _d50735 |
||